| 000 | 00648nam a22002057a 4500 | ||
|---|---|---|---|
| 005 | 20240521004854.0 | ||
| 008 | 240517b |||||||| |||| 00| 0 eng d | ||
| 020 | _a978-971-23-4348-3 | ||
| 082 | _aFil. 370.1 R311 2005 | ||
| 100 | _aAngel S. Recto | ||
| 245 |
_aFoundation of Education: _bHistorical, Philosophical, Legal, Theological/ _cAngel S. Recto |
||
| 260 |
_aManila: _bRex Book, Store, _cc2005 |
||
| 300 | _aXii, 137p. | ||
| 504 | _aIncludes Index | ||
| 541 | _e3051 c.1, 3052 c.2, 3338 c.3 | ||
| 650 | _aEducation - History | ||
| 650 | _aEducation - Philosophy | ||
| 650 | _aEducational Anthropology | ||
| 650 | _aEducational Sociology | ||
| 999 |
_c2295 _d2295 |
||